[Event "Ibiza Summer op 4th"]
[White "Gonzalvez Tamarit, Ivan"]
[Black "Sanchez Martinez, Pablo"]
[Site "Ibiza"]
[Round "6"]
[Result "1/2-1/2"]
[Date "2016.06.26"]
[WhiteElo "1885"]
[BlackElo "1860"]
[PlyCount "81"]
[EventDate "2016.06.24"]
[EventType "swiss"]
[EventRounds "6"]
[EventCountry "ESP"]
[SourceTitle "CBM 173 Extra"]
[Source "ChessBase"]
[SourceDate "2016.08.29"]
[SourceVersion "1"]
[SourceVersionDate "2016.08.29"]
[SourceQuality "1"]

1. d4 d5 2. c4 c6 3. Nf3 Nf6 4. Nc3 e6 5. e3 Nbd7 6. Qc2 Bd6 7. b3 0-0 8. Bd3 e5 9. dxe5 Nxe5 10. Nxe5 Bxe5 11. Bb2 Re8 12. 0-0 dxc4 13. bxc4 Bxh2+ 14. Kxh2 Ng4+ 15. Kg3 Qd6+ 16. Kf3 Nh2+ 17. Ke2 Nxf1 18. Rxf1 Qh2 19. Be4 Bg4+ 20. Ke1 Rad8 21. g3 Qh5 22. Rh1 Qa5 23. Bxh7+ Kf8 24. Bd3 Be6 25. Rh4 b5 26. cxb5 cxb5 27. Rh8+ Ke7 28. Rxe8+ Kxe8 29. Bxb5+ Kf8 30. Bd3 Qh5 31. Ba3+ Kg8 32. Be2 Qh1+ 33. Bf1 Bh3 34. Qe2 Rc8 35. Bb2 Bxf1 36. Qxf1 Qb7 37. Qe2 Rb8 38. Ba1 Rd8 39. Qb2 Qh1+ 40. Ke2 Qh5+ 41. Ke1 1/2-1/2

[Event "Ibiza Summer op 4th"]
[White "Sanchez Martinez, Pablo"]
[Black "Riera Torres, Diana"]
[Site "Ibiza"]
[Round "5"]
[Result "1/2-1/2"]
[Date "2016.06.26"]
[WhiteElo "1860"]
[BlackElo "1683"]
[PlyCount "50"]
[EventDate "2016.06.24"]
[EventType "swiss"]
[EventRounds "6"]
[EventCountry "ESP"]
[SourceTitle "CBM 173 Extra"]
[Source "ChessBase"]
[SourceDate "2016.08.29"]
[SourceVersion "1"]
[SourceVersionDate "2016.08.29"]
[SourceQuality "1"]

1. Nf3 d5 2. d4 Nf6 3. c4 e6 4. Nc3 Be7 5. Bg5 0-0 6. e3 Nbd7 7. Be2 c5 8. cxd5 Nxd5 9. Bxe7 Qxe7 10. Nxd5 exd5 11. dxc5 Qxc5 12. 0-0 Nf6 13. Qd4 Qd6 14. Rfd1 Be6 15. Rac1 a6 16. Qc5 Qxc5 17. Rxc5 Rac8 18. Rdc1 Rxc5 19. Rxc5 Rc8 20. Rxc8+ Bxc8 21. Bd3 h6 22. Ne5 Kf8 23. Kf1 Ke7 24. Ke2 Ke6 25. Nf3 Kd6 1/2-1/2

[Event "Ibiza Summer op 4th"]
[White "Cabello Ferrer, Raquel"]
[Black "Sanchez Martinez, Pablo"]
[Site "Ibiza"]
[Round "4"]
[Result "0-1"]
[Date "2016.06.25"]
[WhiteElo "1243"]
[BlackElo "1860"]
[PlyCount "66"]
[EventDate "2016.06.24"]
[EventType "swiss"]
[EventRounds "6"]
[EventCountry "ESP"]
[SourceTitle "CBM 173 Extra"]
[Source "ChessBase"]
[SourceDate "2016.08.29"]
[SourceVersion "1"]
[SourceVersionDate "2016.08.29"]
[SourceQuality "1"]

1. e4 e5 2. Nf3 Nc6 3. Bb5 Nf6 4. Nc3 Nd4 5. Nxd4 exd4 6. e5 dxc3 7. exf6 Qxf6 8. dxc3 Bc5 9. Qe2+ Qe6 10. Qxe6+ fxe6 11. 0-0 0-0 12. Bd3 d6 13. Kh1 Rxf2 14. Rxf2 Bxf2 15. Bd2 Bd7 16. Rf1 Bh4 17. Kg1 Bf6 18. Be3 b6 19. Bc4 Kh8 20. Bg5 Rf8 21. Bd3 d5 22. Bxf6 Rxf6 23. Rxf6 gxf6 24. Kf2 f5 25. g3 Kg7 26. Be2 Kf6 27. Ke3 c5 28. h4 e5 29. b3 d4+ 30. cxd4 cxd4+ 31. Kd3 Bb5+ 32. Kd2 Bxe2 33. Kxe2 e4 0-1

[Event "Ibiza Eivissa op 5th"]
[White "Sanchez Martinez, Pablo"]
[Black "Hernandez Gallardo, Alvaro"]
[Site "Eivissa"]
[Round "6"]
[Result "1-0"]
[Date "2016.04.23"]
[WhiteElo "1886"]
[BlackElo "1338"]
[PlyCount "42"]
[EventDate "2016.04.03"]
[EventType "swiss"]
[EventRounds "7"]
[EventCountry "ESP"]
[SourceTitle "EXT 2024"]
[Source "ChessBase"]
[SourceDate "2023.10.10"]
[SourceVersion "1"]
[SourceVersionDate "2023.10.10"]
[SourceQuality "1"]

1. d4 Nf6 2. c4 c5 3. Nf3 cxd4 4. Nxd4 e5 5. Nb5 Bb4+ 6. Bd2 Bc5 7. b4 Bxf2+ 8. Kxf2 Qb6+ 9. e3 Ne4+ 10. Ke1 a6 11. N5c3 Qg6 12. Nxe4 Qxe4 13. Nc3 Qh4+ 14. g3 Qf6 15. Ne4 Qc6 16. Qh5 d6 17. Qg5 f6 18. Qxg7 Qd7 19. Nxf6+ Kd8 20. Qxh8+ Kc7 21. Nxd7 Nxd7 1-0

[Event "Ibiza Eivissa op 5th"]
[White "Sanchez Martinez, Pablo"]
[Black "Vidal Torres, Roberto"]
[Site "Eivissa"]
[Round "2"]
[Result "1-0"]
[Date "2016.04.09"]
[WhiteElo "1886"]
[BlackElo "1621"]
[PlyCount "40"]
[EventDate "2016.04.03"]
[EventType "swiss"]
[EventRounds "7"]
[EventCountry "ESP"]
[SourceTitle "EXT 2024"]
[Source "ChessBase"]
[SourceDate "2023.10.10"]
[SourceVersion "1"]
[SourceVersionDate "2023.10.10"]
[SourceQuality "1"]

1. e4 e5 2. Nf3 Nc6 3. d4 exd4 4. Nxd4 Nxd4 5. Qxd4 Qf6 6. Be3 Qxd4 7. Bxd4 d6 8. Nc3 c5 9. Be3 Nf6 10. Bb5+ Bd7 11. Bxd7+ Kxd7 12. Rd1 Kc6 13. f3 Be7 14. Nd5 Nxd5 15. Rxd5 b6 16. Rd1 Bf6 17. Bf4 Rad8 18. c3 g5 19. Bg3 h5 20. Bf2 g4 1-0

[Event "Baleares-ch"]
[White "Queirolo Perez, Manuel"]
[Black "Sanchez Martinez, Pablo"]
[Site "Palma de Mallorca"]
[Round "5"]
[Result "1-0"]
[Date "2016.03.27"]
[WhiteElo "2136"]
[BlackElo "1894"]
[PlyCount "53"]
[EventDate "2016.03.25"]
[EventType "tourn"]
[EventRounds "7"]
[EventCountry "ESP"]
[SourceTitle "CBM 171 Extra"]
[Source "ChessBase"]
[SourceDate "2016.04.26"]
[SourceVersion "1"]
[SourceVersionDate "2016.04.26"]
[SourceQuality "1"]

1. e4 e5 2. Nf3 Nc6 3. Bc4 Bc5 4. b4 Bxb4 5. c3 Bd6 6. d4 Nf6 7. 0-0 0-0 8. Bg5 Be7 9. Re1 d6 10. Nbd2 Bg4 11. Qb1 Bxf3 12. Nxf3 Na5 13. Bd3 exd4 14. cxd4 Nd7 15. Bd2 b6 16. e5 g6 17. Bh6 Re8 18. e6 Nf8 19. exf7+ Kxf7 20. Qc1 Qd7 21. Be4 c6 22. d5 c5 23. Qc3 Reb8 24. Bxg6+ Nxg6 25. Qg7+ Ke8 26. Qg8+ Nf8 27. Qxf8# 1-0

[Event "Ibiza-ch"]
[White "Planells Roig, Jose"]
[Black "Sanchez Martinez, Pablo"]
[Site "Eivissa"]
[Round "5"]
[Result "1-0"]
[Date "2015.11.21"]
[WhiteElo "2071"]
[BlackElo "1879"]
[PlyCount "48"]
[EventDate "2015.11.07"]
[EventType "swiss"]
[EventRounds "7"]
[EventCountry "ESP"]
[SourceTitle "EXT 2017"]
[Source "ChessBase"]
[SourceDate "2016.10.25"]
[SourceVersion "1"]
[SourceVersionDate "2016.10.25"]
[SourceQuality "1"]

1. e4 e5 2. Nf3 Nc6 3. Bc4 Nf6 4. Ng5 d5 5. exd5 b5 6. Bf1 Nd4 7. c3 Nxd5 8. cxd4 Qxg5 9. Bxb5+ Kd8 10. Qf3 Bb7 11. 0-0 exd4 12. Re1 Bd6 13. Qe4 Qe7 14. Qxe7+ Nxe7 15. d3 Rb8 16. Bc4 Nd5 17. Na3 Bb4 18. Re5 Re8 19. Rxe8+ Kxe8 20. Nc2 Bc5 21. Bd2 Bc6 22. Re1+ Kd7 23. Rb1 f6 24. b4 Ba4 1-0

[Event "Ibiza-ch"]
[White "Sanchez Martinez, Pablo"]
[Black "Ruiz Ruiz, Luis"]
[Site "Eivissa"]
[Round "3"]
[Result "1/2-1/2"]
[Date "2015.11.14"]
[WhiteElo "1879"]
[BlackElo "2069"]
[PlyCount "120"]
[EventDate "2015.11.07"]
[EventType "swiss"]
[EventRounds "7"]
[EventCountry "ESP"]
[SourceTitle "EXT 2017"]
[Source "ChessBase"]
[SourceDate "2016.10.25"]
[SourceVersion "1"]
[SourceVersionDate "2016.10.25"]
[SourceQuality "1"]

1. d4 Nf6 2. c4 c6 3. Nc3 d5 4. Nf3 dxc4 5. a4 Bf5 6. e3 e6 7. Bxc4 Bb4 8. 0-0 0-0 9. Qe2 Nbd7 10. e4 Bg6 11. e5 Nd5 12. Ne4 a5 13. Bg5 Qc7 14. Nh4 Bxe4 15. Qxe4 Rfe8 16. Rac1 Qb6 17. Nf3 Nf8 18. Bxd5 cxd5 19. Qc2 Ra6 20. Qc7 h6 21. Be3 Ng6 22. h4 Ne7 23. Qxb6 Rxb6 24. Rc2 Rc8 25. Rxc8+ Nxc8 26. Rc1 Ne7 27. Kf1 Nc6 28. Rc2 Be7 29. Bd2 f6 30. h5 Kf7 31. Ke2 Rb3 32. Bc3 Bd8 33. Nd2 Rb6 34. f4 fxe5 35. fxe5 Be7 36. Nf3 Ra6 37. Kd3 Ra8 38. Rf2 Ke8 39. Kc2 Rc8 40. Kb3 Bd8 41. Ng1 Bb6 42. Ne2 Ke7 43. Rf4 Rf8 44. Rxf8 Kxf8 45. Kc2 Ke7 46. Kd3 Kd8 47. Bd2 Kd7 48. g3 Ke8 49. Nf4 Kd7 50. Ne2 Bd8 51. Kc2 Bb6 52. Kd3 Bc7 53. g4 Bb6 54. b3 Bd8 55. Kc2 Bh4 56. Kd3 b6 57. Be3 Be1 58. Ng1 Nb4+ 59. Ke2 Bh4 60. Nf3 Be7 1/2-1/2

[Event "Ibiza-ch"]
[White "Tur Serra, Javier"]
[Black "Sanchez Martinez, Pablo"]
[Site "Eivissa"]
[Round "2"]
[Result "0-1"]
[Date "2015.11.08"]
[WhiteElo "1654"]
[BlackElo "1879"]
[PlyCount "42"]
[EventDate "2015.11.07"]
[EventType "swiss"]
[EventRounds "7"]
[EventCountry "ESP"]
[SourceTitle "EXT 2017"]
[Source "ChessBase"]
[SourceDate "2016.10.25"]
[SourceVersion "1"]
[SourceVersionDate "2016.10.25"]
[SourceQuality "1"]

1. e4 e5 2. Nf3 Nc6 3. Bb5 a6 4. Ba4 d6 5. d4 b5 6. Bb3 Nxd4 7. Nxd4 exd4 8. Bd5 Rb8 9. Qxd4 Bd7 10. 0-0 c6 11. Bxf7+ Kxf7 12. Re1 c5 13. Qd5+ Be6 14. Qh5+ g6 15. Qf3+ Qf6 16. Qa3 Bh6 17. Qxa6 Bxc1 18. e5 dxe5 19. Rxc1 Bd5 20. Qa7+ Ne7 21. Qxc5 Qg5 0-1

[Event "Villalba op 3rd"]
[White "Sanchez Martinez, Pablo"]
[Black "Lopez de Turiso, Jose Angel"]
[Site "Villalba"]
[Round "8"]
[Result "1/2-1/2"]
[Date "2015.08.15"]
[WhiteElo "1885"]
[BlackElo "2065"]
[PlyCount "75"]
[EventDate "2015.08.09"]
[EventType "swiss"]
[EventRounds "9"]
[EventCountry "ESP"]
[SourceTitle "EXT 2024"]
[Source "ChessBase"]
[SourceDate "2023.10.10"]
[SourceVersion "1"]
[SourceVersionDate "2023.10.10"]
[SourceQuality "1"]

1. e4 e5 2. Nf3 Nc6 3. Bb5 a6 4. Ba4 f5 5. d3 fxe4 6. dxe4 Nf6 7. Nc3 Bb4 8. 0-0 Bxc3 9. bxc3 d6 10. Bb3 Na5 11. Bg5 Nxb3 12. cxb3 0-0 13. Ne1 Qe8 14. Bxf6 Rxf6 15. Nc2 Qg6 16. f3 Bh3 17. Ne3 Qg5 18. Qe2 Raf8 19. Kh1 Be6 20. Rad1 Rh6 21. Ng4 Bxg4 22. fxg4 Rhf6 23. Rf5 Qh4 24. Rdf1 Rxf5 25. gxf5 Qf6 26. Qd3 c6 27. Rd1 Rd8 28. c4 b5 29. Kg1 Qe7 30. g3 Kf8 31. Kg2 Ke8 32. cxb5 axb5 33. Rc1 Qb7 34. a4 bxa4 35. bxa4 d5 36. Rb1 Qe7 37. Qc2 Qd7 38. Rc1 1/2-1/2

[Event "Ibiza Eivissa op 4th"]
[White "Sanchez Martinez, Pablo"]
[Black "Cabrera Cabrera, Nelson"]
[Site "Eivissa"]
[Round "4"]
[Result "1/2-1/2"]
[Date "2015.02.08"]
[WhiteElo "1963"]
[BlackElo "1402"]
[PlyCount "46"]
[EventDate "2015.01.31"]
[EventType "swiss"]
[EventRounds "7"]
[EventCountry "ESP"]
[SourceTitle "EXT 2016"]
[Source "ChessBase"]
[SourceDate "2015.10.08"]
[SourceVersion "1"]
[SourceVersionDate "2015.10.08"]
[SourceQuality "1"]

1. e4 c5 2. c3 e5 3. Nf3 Nc6 4. Bb5 d6 5. h3 Nf6 6. Bxc6+ bxc6 7. d3 Be7 8. Qa4 Qb6 9. Nbd2 Ba6 10. Nc4 Bxc4 11. Qxc4 Qb5 12. Qxb5 cxb5 13. a4 b4 14. c4 a5 15. b3 g6 16. Bh6 Bf8 17. Be3 Nh5 18. g4 Ng7 19. Nd2 Ne6 20. 0-0-0 h5 21. Rhg1 h4 22. Nf3 Be7 23. Kd2 g5 1/2-1/2

[Event "Eivissa Insular-ch"]
[White "Guasch Juan, Juan Antonio"]
[Black "Sanchez Martinez, Pablo"]
[Site "Eivissa"]
[Round "2"]
[Result "0-1"]
[Date "2014.11.08"]
[WhiteElo "1254"]
[BlackElo "1963"]
[PlyCount "91"]
[EventDate "2014.10.25"]
[EventType "swiss"]
[EventRounds "7"]
[EventCountry "ESP"]
[SourceTitle "EXT 2016"]
[Source "ChessBase"]
[SourceDate "2015.10.08"]
[SourceVersion "1"]
[SourceVersionDate "2015.10.08"]
[SourceQuality "1"]

1. e4 e6 2. Nf3 d5 3. e5 c5 4. c3 Nc6 5. Bb5 Bd7 6. 0-0 Nxe5 7. Bxd7+ Nxd7 8. d3 Ngf6 9. Re1 Bd6 10. Bg5 Qc7 11. g3 h6 12. Be3 0-0 13. d4 c4 14. Nbd2 b5 15. Nf1 a5 16. Nh4 b4 17. Qd2 Ne4 18. Qc2 bxc3 19. bxc3 Nb6 20. Ng2 Qc6 21. Nd2 Nf6 22. Nf3 Qa4 23. Qd2 Ne4 24. Qb2 Rab8 25. Bf4 Bxf4 26. Nxf4 Nd7 27. Qe2 Nxc3 28. Qe3 Ne4 29. Nd2 Nxd2 30. Qxd2 Nf6 31. Ne2 Qa3 32. Qd1 Ne4 33. Qc2 Rb2 34. Qc1 Rfb8 35. Kg2 Qd3 36. Qe3 Qxe3 37. fxe3 Rc2 38. Kf3 Rbb2 39. a3 Nc3 40. Nxc3 Rxc3 41. Re2 Rxe2 42. Kxe2 Rb3 43. h4 Kf8 44. Kd2 Ke7 45. Kc2 Rxe3 46. Rg1 0-1

[Event "Ibiza Summer op 3rd"]
[White "Robaina Bordon, Hector"]
[Black "Sanchez Martinez, Pablo"]
[Site "Ibiza"]
[Round "6"]
[Result "0-1"]
[Date "2014.07.01"]
[WhiteElo "1813"]
[BlackElo "1946"]
[PlyCount "50"]
[EventDate "2014.06.27"]
[EventType "swiss"]
[EventRounds "7"]
[EventCountry "ESP"]
[SourceTitle "CBM 161 Extra"]
[Source "ChessBase"]
[SourceDate "2014.08.29"]
[SourceVersion "1"]
[SourceVersionDate "2014.08.29"]
[SourceQuality "1"]

1. e4 e5 2. Nf3 Nc6 3. Bc4 Nf6 4. d3 Bc5 5. c3 d6 6. 0-0 Bb6 7. h3 Be6 8. Bb5 0-0 9. Nbd2 Ne7 10. Ba4 Ng6 11. Re1 c5 12. Nf1 Nh5 13. Ng3 Nxg3 14. fxg3 h6 15. Kh2 f5 16. Qe2 f4 17. gxf4 Nxf4 18. Bxf4 Rxf4 19. Rf1 Qf6 20. Nd2 Rf8 21. Rf3 Rxf3 22. Qxf3 Qg5 23. Qe2 Qf4+ 24. Kg1 Qg3 25. Kh1 Rf2 0-1

[Event "Ibiza Summer op 3rd"]
[White "Sanchez Martinez, Pablo"]
[Black "Del Rey, Noel"]
[Site "Ibiza"]
[Round "2"]
[Result "1-0"]
[Date "2014.06.28"]
[WhiteElo "1946"]
[BlackElo "1422"]
[PlyCount "46"]
[EventDate "2014.06.27"]
[EventType "swiss"]
[EventRounds "7"]
[EventCountry "ESP"]
[SourceTitle "CBM 161 Extra"]
[Source "ChessBase"]
[SourceDate "2014.08.29"]
[SourceVersion "1"]
[SourceVersionDate "2014.08.29"]
[SourceQuality "1"]

1. Nf3 d5 2. d4 Bf5 3. c4 c6 4. e3 Nd7 5. Nc3 Ngf6 6. Qb3 Qb6 7. c5 Qxb3 8. axb3 e6 9. b4 Be7 10. b5 0-0 11. bxc6 bxc6 12. b4 Rfb8 13. b5 Ne4 14. bxc6 Nxc3 15. cxd7 Rb7 16. Bd2 Ne4 17. c6 Rc7 18. Bb5 Nd6 19. Ba4 Nc4 20. 0-0 Nb2 21. Ba5 Bd6 22. Bxc7 Bxc7 23. Bb5 Nd3 1-0